Penzijné fondy na kapitálových trhoch

Problematika voľby a načasovanie správnej investičnej stratégie, z čoho vyplýva aj požiadavka na kvalitu a schopnosti manažmentu fondov, ale aj kvalitná regulácia. Kvantifikácia dlhodobých rizík, ktoré vplývajú na výkonnosť penzijných fondov a v konečnom dôsledku i zabezpečenie investora na dôchodok...

Ausführliche Beschreibung

Gespeichert in:
Bibliographische Detailangaben
1. Verfasser: Chovancová, Božena
Format: Buchkapitel
Sprache:Slowakisch
Schlagworte:
Tags: Tag hinzufügen
Keine Tags, Fügen Sie das erste Tag hinzu!

MARC

LEADER 00000nla$a2200000$$$4500
001 0145178
005 20240521111134.7
041 0 |a slo 
044 |a SK 
245 1 0 |a Penzijné fondy na kapitálových trhoch  |c Božena Chovancová 
520 |a Problematika voľby a načasovanie správnej investičnej stratégie, z čoho vyplýva aj požiadavka na kvalitu a schopnosti manažmentu fondov, ale aj kvalitná regulácia. Kvantifikácia dlhodobých rizík, ktoré vplývajú na výkonnosť penzijných fondov a v konečnom dôsledku i zabezpečenie investora na dôchodok. 
610 2 0 |a stratégia investičná 
610 2 0 |a investori 
610 2 0 |a fondy penzijné 
610 2 0 |a indexy akciové 
610 2 0 |a trh akciový 
610 2 0 |a investície 
610 2 0 |a výnosy 
610 2 0 |a volatilita 
610 2 0 |a riziko trhové 
100 1 |a Chovancová, Božena